000 00605nam a22001937a 4500
008 150520b xxu||||| |||| 00| 0 eng d
020 _a0138980659 (case)
041 0 _aeng
080 _a621.397.13
100 1 _aWillis, Edgar E.
245 _aTelevision, cable, and radio :
_cby Edgar E. Willis, Henry B. Aldridge.
260 _aEnglewood Cliffs, N.J. :
_bPrentice Hall,
_cc1992.
300 _a459 f
_bme il
_c24 cm.
505 _aIndex:f. 447-459
650 0 _aTransmetimi
650 0 _aTransmetimi
_zShtetet e bashkuara
700 1 _aAldridge, Henry B.
942 _2udc
_cBK
999 _c845
_d845